00566nam a22001937a 4500003000500000005001700005008004100022010001000063011001000073035001000083040000900093082001500102100002200117245012700139260004500266300001000311650002700321650002400348CHAP20220329133749.0971013s1977 r 00010 d a10526 a11498 a10736 cCHAP a338.9bD3500aDams, Theodoreed aDecision making and agricultureb: papers and reports (of the) sixteenth Internal Conference of Agricultural Economists... aLoncoln :bUniversity of Nebraska,c1977 a603 p14aPolítica agrícola.14aToma de decisiones.